Real estate rescue : how America leaves billions behind in residential real estate and how to maximize your home's value

Bibliographic Details
Main Authors: McLaughlin, Tracy (Author), Lake, Kevin (Author)
Format: Book
Language:English
Published: Coral Gables, FL : Mango Publishing 2020
Subjects:

MARC

LEADER 00000cam a2200000 7i4500
001 0000030335
005 20241203.0
008 230830 flua eng
020 |a 9781642501957 (pbk) 
040 |a INS   |b eng   |e rda 
090 0 0 |a HD259   |b .M389 2020 
100 1 |a McLaughlin, Tracy ,   |e author 
245 1 0 |a Real estate rescue :   |b how America leaves billions behind in residential real estate and how to maximize your home's value   |c Tracy McLaughlin, with Kevin Lake 
264 1 |a Coral Gables, FL :   |b Mango Publishing   |c 2020 
300 |a 181 pages :   |b illustrations (some colour) ;   |c 23 cm. 
336 |a text  |2 rdacontent 
337 |a unmediated  |2 rdamedia 
338 |a volume  |2 rdacarrier 
504 |a Includes bibliographical references 
650 0 |a Home staging   |z United States   |v Handbooks, manuals, etc. 
650 0 |a House buying   |z United States 
650 0 |a House selling   |z United States 
650 0 |a House selling   |z United States   |v Handbooks, manuals, etc. 
700 1 |a Lake, Kevin ,   |e author 
999 |a 1000004778   |b BOOK   |c Open Shelf   |e Default branch